000 00586nam a2200217Ia 4500
003 GCL
008 140319s9999 xx 000 0 eng d
040 _aGCL /
_cGCL
082 0 4 _a883.0109
_bTR
100 1 _aTOAHEY, PETER
245 1 0 _aREADING EPIC : AN INTRODUCTION TO THE ANCIENT NARRATIVES /
_cTOAHEY, PETER
260 _a[S.N] :
_bROUTLEDGE ،
_c1992
300 _a248.P
650 0 4 _aLITERATURE
650 0 4 _aLITERATURE - HISTORY
650 0 4 _aHISTORY AND CRITICISM
650 0 4 _aCLASSICAL LITERATURE
650 0 4 _aEPIC POETRY
650 0 4 _aTHEORIES
942 _2ddc
_cBK
999 _c24303
_d24303